Beyond the call of duty (Record no. 67551)

MARC details
000 -LEADER
fixed length control field 01790cam a2200301 4500
001 - CONTROL NUMBER
control field X113386
008 - FIXED-LENGTH DATA ELEMENTS--GENERAL INFORMATION
fixed length control field 000000n2001 000 0 eng u
035 ## - SYSTEM CONTROL NUMBER
System control number (Sirsi) u113386
100 ## - MAIN ENTRY--PERSONAL NAME
Personal name Dear, B.
245 ## - TITLE STATEMENT
Title Beyond the call of duty
260 ## - PUBLICATION, DISTRIBUTION, ETC.
Date of publication, distribution, etc. 2001
490 ## - SERIES STATEMENT
Series statement Estates Gazette
Volume/sequential designation (0125) 23 June 2001. 153(1)
520 ## - SUMMARY, ETC.
Summary, etc. Suggests that the Human Rights Act 1998 will have a greater impact on property law than generally anticipated, considering the ruling in "Aston Cantlow and Wilmcote with Billesley PCC v Wallbank" (WB3721-08) that chancel repairing liabilities contravened the Act, that the PCC was a public authority and thereby obliged to comply with the European Convention on Human Rights, and that this tax was implemented arbitrarily and out of proportion to its purpose bringing it into conflict with Article 1 as well as Article 14 of the Convention. Case law. Copy of judgement available on http://porch.ccta.gov.uk/courtser/judgements.nsf/Search/922B101EA4112A5680256A53004E8F7C?OpenDocument.
650 ## - SUBJECT ADDED ENTRY--TOPICAL TERM
Topical term or geographic name entry element ASTON CANTLOW AND WILMCOTE WITH BILLESLEY PCC V WALLBANK AND ANOTHER
650 ## - SUBJECT ADDED ENTRY--TOPICAL TERM
Topical term or geographic name entry element CHANCEL REPAIR LIABILITY
650 ## - SUBJECT ADDED ENTRY--TOPICAL TERM
Topical term or geographic name entry element CONVENTION FOR THE PROTECTION OF HUMAN RIGHTS AND FUNDAMENTAL FREEDOMS ART 6
650 ## - SUBJECT ADDED ENTRY--TOPICAL TERM
Topical term or geographic name entry element CONVENTION FOR THE PROTECTION OF HUMAN RIGHTS AND FUNDAMENTAL FREEDOMS ART 14
650 ## - SUBJECT ADDED ENTRY--TOPICAL TERM
Topical term or geographic name entry element HUMAN RIGHTS
650 ## - SUBJECT ADDED ENTRY--TOPICAL TERM
Topical term or geographic name entry element HUMAN RIGHTS ACT 1998
650 ## - SUBJECT ADDED ENTRY--TOPICAL TERM
Topical term or geographic name entry element PAROCHIAL CHURCH COUNCIL OF THE PARISH OF ASTON CANTLOW AND WILMCOTE WITH BILLESLEY WARWICKSHIRE V WALLBANK
650 ## - SUBJECT ADDED ENTRY--TOPICAL TERM
Topical term or geographic name entry element PUBLIC AUTHORITIES
650 ## - SUBJECT ADDED ENTRY--TOPICAL TERM
Topical term or geographic name entry element REPAIRING LIABILITY
650 ## - SUBJECT ADDED ENTRY--TOPICAL TERM
Topical term or geographic name entry element TAX
690 ## - LOCAL SUBJECT ADDED ENTRY--TOPICAL TERM (OCLC, RLIN)
Topical term or geographic name as entry element PROPERTY
700 ## - ADDED ENTRY--PERSONAL NAME
Personal name Hill, R.
856 ## - ELECTRONIC LOCATION AND ACCESS
Uniform Resource Identifier <a href="https://porch.ccta.gov.uk/courtser/judgements.nsf/Search/922B101EA4112A5680256A53004E8F7C?OpenDocument">https://porch.ccta.gov.uk/courtser/judgements.nsf/Search/922B101EA4112A5680256A53004E8F7C?OpenDocument</a>
942 ## - ADDED ENTRY ELEMENTS (KOHA)
Suppress in OPAC 0
Holdings
Withdrawn status Lost status Source of classification or shelving scheme Damaged status Not for loan Home library Current library Shelving location Date acquired Total Checkouts Full call number Barcode Date last seen Copy number Price effective from Koha item type
    Dewey Decimal Classification     London London Journal article 03/07/2001   X113386 113386-1001 06/08/2019 1 06/08/2019 Journal article